| 000 | 01508ngm a22003730a 4500 | ||
|---|---|---|---|
| 001 | PT43887 | ||
| 003 | AR-LpoUNG | ||
| 005 | 20210201235943.0 | ||
| 007 | vd cvaizq | ||
| 008 | 191001s[201||||ag |||||||||||||||||spa d | ||
| 037 | _c$10 | ||
| 040 |
_aAR-LpoUNG _bspa _cAR-LpoUNG _eaacr |
||
| 041 | _aspa | ||
| 044 | _aag | ||
| 082 | 0 | _a302.1 617v3 | |
| 100 | 1 |
_aBirri, Fernando _edir. |
|
| 245 | 1 | 3 | _aLa verdadera historia de la primera fundación de Buenos Aires |
| 260 |
_aRosario : _bISCAA - ATE, _c[2011]. |
||
| 300 | _aDVD (35 min.) : son., byn | ||
| 505 | 0 | _aHecha en 1959.- Fotografía: Enrique Wallfish. - Música: Virtú Maragno, con la asistencia de Manuel Horacio Jiménez. - Montaje: Antonio Ripoll | |
| 520 | _aEn 1956, el diseñador humorístico Oski realiza una obra sobre la fundación de Buenos Aires. Fernando Birri realiza un filme a partir de esta obra en 1959, utilizando el texto original del explorador alemán Ulrich Schmidel. Este filme, desaparecido en los años de la dictadura, fue restaurado milagrosamente en video en el año 2000. La historia que el documental describe puede ser comparada con la situación del cine latinoamericano a lo largo de todos estos años. | ||
| 650 | 4 | _aARGENTINA | |
| 650 | 4 | _aCULTURA | |
| 650 | 4 | _aMARGINALIDAD | |
| 650 | 4 | _aPOBREZA | |
| 650 | 4 | _aPROBLEMAS SOCIALES | |
| 651 | 4 | _aArgentina | |
| 653 | _aCINE ARGENTINO | ||
| 653 | _aDOCUMENTALES | ||
| 653 | _aDVD | ||
| 653 | _aVIDEOS | ||
| 905 | _a43887 | ||
| 942 | _cDVD | ||
| 999 |
_c53833 _d53833 |
||